[Event "57th Biel Festival MTO 2024"]
[White "Douguet,Claude"]
[Black "Stevens,Christian"]
[Site "Biel"]
[Round "9"]
[Annotator "RC"]
[Result "1-0"]
[Date "2024.07.24"]
[WhiteElo "1994"]
[BlackElo "1936"]
[PlyCount "31"]

1. e4 c5 2. Nf3 d6 3. Be2 Nf6 4. c3 g6 5. O-O Bg7 6. Re1 O-O 7. Bf1 Nc6 8. d4 cxd4 9. cxd4 Bg4 10. d5 Ne5 11. Nbd2 Qa5 12. Re3 Rfc8 13. Rb3 Rab8 14. Ra3 Qc5 15. h3 Kh8 16. Kh2 1-0

[Event "57th Biel Festival MTO 2024"]
[White "Tkhoruk,Roman"]
[Black "Arbinger,Roland"]
[Site "Biel"]
[Round "9"]
[Annotator "RC"]
[Result "1/2-1/2"]
[Date "2024.07.24"]
[WhiteElo "1944"]
[BlackElo "2013"]
[PlyCount "140"]

1. Nf3 Nf6 2. g3 g6 3. Bg2 Bg7 4. O-O O-O 5. d3 d5 6. Nbd2 c6 7. c3 Nbd7 8. Re1 e5 9. Qc2 Re8 10. e4 dxe4 11. dxe4 Qc7 12. h4 Nf8 13. Nh2 Be6 14. Ndf3 h6 15. Be3 Rad8 16. a4 Bc4 17. Bf1 Bxf1 18. Rxf1 c5 19. Rad1 Rxd1 20. Rxd1 Qc6 21. Nd2 N8d7 22. f3 Qe6 23. Kg2 b6 24. Qb3 Qxb3 25. Nxb3 c4 26. Nd2 Rc8 27. g4 Rc7 28. g5 hxg5 29. hxg5 Nh5 30. Nxc4 Rxc4 31. Rxd7 Rxa4 32. Ng4 Ra2 33. Rd8+ Kh7 34. Rd2 f5 35. gxf6 Nxf6 36. Kg3 Nh5+ 37. Kh4 Nf6 38. Nxf6+ Bxf6+ 39. Bg5 Bg7 40. Rd7 Kg8 41. Rd2 Kf7 42. f4 exf4 43. Bxf4 Bf6+ 44. Kg4 Ra4 45. Kf3 Ra1 46. Bb8 Ke6 47. e5 Be7 48. Ke4 a5 49. c4 a4 50. Rg2 g5 51. Bc7 Ra2 52. Bxb6 a3 53. Bd4 Bc5 54. Bc3 Bb4 55. Rc2 Bxc3 56. Rxc3 axb2 57. Rb3 b1=Q+ 58. Rxb1 Re2+ 59. Kd4 Rxe5 60. c5 Re2 61. Rg1 Kf5 62. Rc1 Kf4 63. c6 Re8 64. c7 Rc8 65. Rf1+ Kg3 66. Rf7 g4 67. Ke5 Kg2 68. Kf4 g3 69. Rg7 Kf2 70. Rxg3 Rxc7 1/2-1/2

[Event "57th Biel Festival MTO 2024"]
[White "Jumabayev,Rinat"]
[Black "Mendonca,Leon Luke"]
[Site "Biel"]
[Round "9.1"]
[Annotator "TA"]
[Result "1/2-1/2"]
[Date "2024.07.24"]
[WhiteElo "2575"]
[BlackElo "2634"]
[PlyCount "103"]

1. e4 c5 2. Nf3 d6 3. d4 cxd4 4. Nxd4 Nf6 5. Nc3 a6 6. Be3 e5 7. Nb3 Be6 8. f3 h5 9. Nd5 Bxd5 10. exd5 Nbd7 11. Qd2 g6 12. O-O-O Nb6 13. Kb1 Nbxd5 14. Bg5 Be7 15. Bd3 Qc7 16. Rhe1 O-O-O 17. c4 Nf4 18. Bxf4 exf4 19. Qxf4 Rhe8 20. Qd4 Kb8 21. f4 d5 22. c5 Ng4 23. h3 Bf6 24. Qg1 Nh6 25. Qf2 Ng8 26. Rxe8 Rxe8 27. Bc2 Ne7 28. g4 hxg4 29. hxg4 Rd8 30. Nc1 Nc6 31. Bb3 Na5 32. Rxd5 Nxb3 33. Rxd8+ Qxd8 34. axb3 Qd1 35. Qe2 Qxe2 36. Nxe2 Kc7 37. b4 Kc6 38. Nc3 Bxc3 39. bxc3 Kd5 40. Kc2 Ke4 41. g5 Kxf4 42. c4 Ke5 43. Kc3 f5 44. gxf6 Kxf6 45. b5 axb5 46. cxb5 Ke6 47. Kd4 g5 48. Ke4 g4 49. Kf4 Kd5 50. c6 bxc6 51. bxc6 Kxc6 52. Kxg4 1/2-1/2

[Event "57th Biel Festival MTO 2024"]
[White "Aryan Chopra"]
[Black "Madaminov,Mukhiddin"]
[Site "Biel"]
[Round "9.2"]
[Annotator "TA"]
[Result "1/2-1/2"]
[Date "2024.07.24"]
[WhiteElo "2631"]
[BlackElo "2517"]
[PlyCount "48"]

1. e4 e5 2. Nf3 Nc6 3. Bb5 a6 4. Ba4 Nf6 5. O-O Bc5 6. c3 b5 7. Bb3 d6 8. a4 Bb7 9. d4 Bb6 10. Re1 O-O 11. Bg5 h6 12. Bh4 b4 13. d5 Na5 14. cxb4 Nxb3 15. Qxb3 g5 16. Bg3 Nh5 17. Na3 f5 18. exf5 Qf6 19. a5 Ba7 20. b5 Qxf5 21. b6 Nxg3 22. bxa7 g4 23. fxg3 gxf3 24. gxf3 Qxf3 1/2-1/2

[Event "57th Biel Festival MTO 2024"]
[White "Nesterov,Arseniy"]
[Black "Gan-Erdene,Sugar"]
[Site "Biel"]
[Round "9.3"]
[Annotator "RC"]
[Result "1/2-1/2"]
[Date "2024.07.24"]
[WhiteElo "2609"]
[BlackElo "2424"]
[PlyCount "79"]

1. d4 Nf6 2. c4 e6 3. Nf3 d5 4. Nc3 Bb4 5. Bg5 h6 6. Bxf6 Qxf6 7. e3 O-O 8. Rc1 dxc4 9. Bxc4 c5 10. O-O cxd4 11. Ne4 Qf5 12. Bd3 Qa5 13. Nxd4 Rd8 14. Qg4 Nd7 15. a3 Bf8 16. Qg3 Be7 17. Rc2 Nf6 18. Qf3 Qb6 19. Nd2 e5 20. Nf5 Bf8 21. Bc4 g6 22. Nh4 Kg7 23. Qg3 e4 24. Bxf7 g5 25. f4 Ng4 26. Rxc8 Nxe3 27. Rxd8 Rxd8 28. fxg5 Nf5+ 29. Qf2 Bc5 30. Nxf5+ Kf8 31. Bd5 Bxf2+ 32. Rxf2 Qxf2+ 33. Kxf2 Rxd5 34. Ke3 Rxf5 35. gxh6 Rh5 36. h3 Rxh6 37. Kxe4 Rg6 38. Kf3 Rf6+ 39. Ke3 Rg6 40. Ke4 1/2-1/2

[Event "57th Biel Festival MTO 2024"]
[White "Ayush Sharma"]
[Black "Sasikiran,Krishnan"]
[Site "Biel"]
[Round "9.4"]
[Annotator "TA"]
[Result "1-0"]
[Date "2024.07.24"]
[WhiteElo "2325"]
[BlackElo "2581"]
[PlyCount "109"]

1. e4 e5 2. Nf3 Nc6 3. Bb5 a6 4. Ba4 Nf6 5. O-O Be7 6. Re1 b5 7. Bb3 d6 8. c3 O-O 9. h3 Nb8 10. d4 Nbd7 11. c4 c6 12. Nc3 b4 13. Ne2 c5 14. dxe5 Nxe5 15. Nf4 a5 16. Nxe5 dxe5 17. Nd5 Ra6 18. Ba4 Nxd5 19. exd5 Bd6 20. a3 f5 21. Bb5 Rb6 22. axb4 axb4 23. b3 Bb8 24. Be3 Qd6 25. f3 f4 26. Bf2 Qe7 27. Bc6 Bd6 28. Qe2 Ra6 29. Rxa6 Bxa6 30. Ra1 Bc8 31. Qe1 h6 32. Bh4 Qf7 33. Kh1 g5 34. Bf2 h5 35. Ra5 Qe7 36. Qg1 e4 37. Bxc5 exf3 38. Bxd6 Qxd6 39. gxf3 g4 40. Ra7 Qf6 41. Qa1 Qc3 42. d6 Bf5 43. Bd5+ Kh8 44. hxg4 hxg4 45. Kg2 gxf3+ 46. Kf2 Bb1 47. c5 Re8 48. Bxf3 Re3 49. Be2 Re5 50. Ra8+ Kg7 51. Qa7+ Kg6 52. Rg8+ Kf5 53. Qh7+ Ke6 54. Bc4+ Rd5 55. Qe7+ 1-0

[Event "57th Biel Festival MTO 2024"]
[White "Fromm,Marius"]
[Black "Ganguly,Surya Shekhar"]
[Site "Biel"]
[Round "9.5"]
[Annotator "TA"]
[Result "1-0"]
[Date "2024.07.24"]
[WhiteElo "2465"]
[BlackElo "2575"]
[PlyCount "175"]

1. e4 e5 2. Nf3 Nc6 3. Bb5 a6 4. Ba4 Nf6 5. Nc3 b5 6. Bb3 Bc5 7. Nd5 O-O 8. d3 Nxd5 9. Bxd5 Rb8 10. O-O Qe8 11. Bxc6 dxc6 12. Be3 Bxe3 13. fxe3 Qe7 14. Qe1 c5 15. a4 c4 16. axb5 axb5 17. Qc3 f6 18. dxc4 b4 19. Qd3 Rd8 20. Qe2 Bb7 21. Nd2 Rd7 22. Rfd1 Rbd8 23. Nf1 Bxe4 24. Ng3 Bg6 25. b3 h6 26. e4 Qc5+ 27. Kf1 Rd4 28. Rxd4 Qxd4 29. Re1 Kh7 30. Qe3 Qb2 31. Qe2 Ra8 32. Qd2 Ra2 33. Re2 c5 34. h4 Bf7 35. Nf5 Be6 36. Kf2 h5 37. Qe3 Qb1 38. Qf3 g6 39. Ne3 Kg7 40. Rd2 Kf7 41. Kg3 Ra6 42. Rf2 Bc8 43. Rf1 Qb2 44. Nd5 f5 45. exf5 gxf5 46. Kh2 Qxc2 47. Rf2 Qc1 48. Qxh5+ Kg7 49. Ne7 Qh6 50. Qxh6+ Rxh6 51. Nxc8 Rxh4+ 52. Kg3 Rg4+ 53. Kh3 Rg5 54. Nd6 Kg6 55. Nb7 f4 56. Nxc5 Rg3+ 57. Kh2 Re3 58. Rd2 Kf5 59. Kg1 Rg3 60. Kf2 Rc3 61. Rd5 Rc2+ 62. Kf3 Rc3+ 63. Nd3 Rxb3 64. Rxe5+ Kf6 65. Rd5 Rc3 66. Kxf4 Rxc4+ 67. Ke3 b3 68. Rb5 Rc3 69. g3 Kg6 70. Kd4 Rc2 71. Nf4+ Kf6 72. Rxb3 Kf5 73. Ke3 Kg4 74. Ne2 Rc8 75. Rb4+ Kg5 76. Kf3 Rf8+ 77. Nf4 Rf5 78. Rd4 Rf7 79. Rd5+ Kf6 80. g4 Ra7 81. g5+ Kg7 82. Kg4 Ra1 83. Rd7+ Kg8 84. g6 Rg1+ 85. Kf5 Rf1 86. Kg5 Ra1 87. Rd8+ Kg7 88. Ne6# 1-0

[Event "57th Biel Festival MTO 2024"]
[White "Amartuvshin,Ganzorig"]
[Black "Gavrilescu,David"]
[Site "Biel"]
[Round "9.6"]
[Annotator "TA"]
[Result "1/2-1/2"]
[Date "2024.07.24"]
[WhiteElo "2411"]
[BlackElo "2538"]
[PlyCount "111"]

1. d4 Nf6 2. c4 e6 3. Nf3 d5 4. Nc3 Nbd7 5. Qc2 dxc4 6. e4 c5 7. Bxc4 cxd4 8. Nxd4 Bc5 9. Nf3 Qc7 10. Qe2 a6 11. a4 O-O 12. O-O Bd6 13. Bg5 b6 14. Rad1 Bb7 15. Bxf6 gxf6 16. Bxe6 fxe6 17. Qd3 Bb4 18. Qxd7 Qxd7 19. Rxd7 Bc6 20. Rd4 Bc5 21. Rc4 Rfc8 22. Rc1 Bd7 23. Ne2 e5 24. Nh4 Be6 25. R4c3 Rd8 26. a5 Rd2 27. axb6 Rad8 28. Nf3 Rd1+ 29. Ne1 Bxb6 30. Rc6 Bg4 31. Rxd1 Rxd1 32. Kf1 Ba5 33. Nc3 Rd2 34. Nf3 Rxb2 35. Nd5 Rb1+ 36. Ke2 Re1+ 37. Kd3 Bxf3 38. gxf3 Rd1+ 39. Kc2 Rd2+ 40. Kb3 Rxf2 41. Rxa6 Rxf3+ 42. Kc4 Bd2 43. Ra7 Rf2 44. Ne7+ Kf7 45. Nf5+ Kg6 46. Rg7+ Kh5 47. h3 h6 48. Rg4 Bg5 49. Rg3 Rxf5 50. exf5 Kh4 51. Rg1 Kxh3 52. Kd5 Kh2 53. Rg4 Kh3 54. Rg1 Kh2 55. Rg4 Kh3 56. Ke4 1/2-1/2

[Event "57th Biel Festival MTO 2024"]
[White "Xiao,Tong"]
[Black "Tahay,Alexis"]
[Site "Biel"]
[Round "9.7"]
[Annotator "TA"]
[Result "0-1"]
[Date "2024.07.24"]
[WhiteElo "2518"]
[BlackElo "2375"]
[PlyCount "92"]

1. e4 c5 2. Nf3 d6 3. d4 cxd4 4. Nxd4 Nf6 5. Bd3 Nc6 6. Be3 Ng4 7. Nxc6 bxc6 8. Bd2 g6 9. Bc3 Nf6 10. Nd2 Bg7 11. O-O O-O 12. a4 a5 13. Qe2 Bg4 14. Qe3 Be6 15. h3 Nd7 16. Bxg7 Kxg7 17. Nc4 Qb8 18. b3 Qb4 19. Rad1 Qc3 20. Be2 Qxe3 21. Nxe3 Nb6 22. f4 f6 23. Rd2 Rac8 24. Re1 Rfd8 25. Bg4 Bxg4 26. hxg4 Rh8 27. Rd4 h5 28. gxh5 Rxh5 29. Kf2 Kf7 30. Rb1 Rh4 31. g3 Rh2+ 32. Ng2 d5 33. Re1 e5 34. Rdd1 Ke6 35. Kf3 Nd7 36. Rg1 Nc5 37. exd5+ cxd5 38. Rh1 Rxh1 39. Rxh1 Ne4 40. c4 Nd2+ 41. Ke3 Nxb3 42. cxd5+ Kxd5 43. Rh6 Nd4 44. Rxg6 Rc2 45. fxe5 fxe5 46. Nh4 Re2+ 0-1

[Event "57th Biel Festival MTO 2024"]
[White "Assaubayeva,Bibisara"]
[Black "Dotzer,Lukas"]
[Site "Biel"]
[Round "9.8"]
[Annotator "TA"]
[Result "1/2-1/2"]
[Date "2024.07.24"]
[WhiteElo "2472"]
[BlackElo "2369"]
[PlyCount "56"]

1. c4 Nf6 2. Nc3 e6 3. e4 d5 4. e5 d4 5. exf6 dxc3 6. bxc3 Qxf6 7. Bd3 e5 8. Nf3 Bc5 9. O-O O-O 10. Be4 Nc6 11. Rb1 Bf5 12. Qc2 Bxe4 13. Qxe4 Qg6 14. Qxg6 hxg6 15. Re1 Rfe8 16. d3 Rad8 17. Be3 Bb6 18. Bxb6 axb6 19. Re3 e4 20. Rbe1 Rf8 21. dxe4 Na5 22. e5 Nxc4 23. Re4 Nd2 24. Nxd2 Rxd2 25. a4 Re8 26. g3 Rd5 27. f4 Rc5 28. R1e3 Kf8 1/2-1/2

[Event "57th Biel Festival MTO 2024"]
[White "Xue,Haowen"]
[Black "Ritviz,Parab"]
[Site "Biel"]
[Round "9.9"]
[Annotator "TA"]
[Result "1-0"]
[Date "2024.07.24"]
[WhiteElo "2452"]
[BlackElo "2334"]
[PlyCount "85"]

1. c4 e5 2. Nc3 Nf6 3. Nf3 Nc6 4. g3 Bb4 5. Nd5 Bc5 6. Bg2 O-O 7. b4 Nxd5 8. bxc5 Nf6 9. O-O Qe7 10. Ba3 e4 11. Ng5 h6 12. Nh3 b6 13. d3 bxc5 14. Nf4 d6 15. dxe4 Ne5 16. Nd5 Nxd5 17. cxd5 Rb8 18. Qa4 Bd7 19. Qc2 Bb5 20. Bb2 Rb6 21. Rab1 Rfb8 22. Ba1 Ba6 23. Rb3 Rxb3 24. axb3 Qe8 25. f4 Nd7 26. Bc3 Rb6 27. Ra1 Qb8 28. e5 Nf8 29. e6 fxe6 30. dxe6 Qe8 31. f5 Bb7 32. Rxa7 Bxg2 33. Kxg2 Qc6+ 34. e4 Nh7 35. Ba5 Ng5 36. Bxb6 cxb6 37. Qd3 Nxe4 38. Qf3 Qd5 39. Ra2 Qe5 40. Re2 d5 41. Qh5 Qf6 42. Qe8+ Kh7 43. Qf7 1-0

[Event "57th Biel Festival MTO 2024"]
[White "Moiseenko,Alexander"]
[Black "Balabayeva,Xeniya"]
[Site "Biel"]
[Round "9.10"]
[Annotator "TA"]
[Result "1/2-1/2"]
[Date "2024.07.24"]
[WhiteElo "2560"]
[BlackElo "2246"]
[PlyCount "41"]

1. d4 d5 2. c4 e6 3. Nf3 Nf6 4. Nc3 Be7 5. Bg5 h6 6. Bxf6 Bxf6 7. e3 O-O 8. Qd2 c5 9. cxd5 cxd4 10. Nxd4 exd5 11. Bb5 Nc6 12. Bxc6 bxc6 13. Nxc6 Qd6 14. Qxd5 Bxc3+ 15. bxc3 Qc7 16. Ne7+ Kh8 17. Nxc8 Qxc3+ 18. Ke2 Qb2+ 19. Qd2 Qb5+ 20. Qd3 Qb2+ 21. Qd2 1/2-1/2

[Event "57th Biel Festival MTO 2024"]
[White "Juksta,Karolis"]
[Black "Harsha Bharathakoti"]
[Site "Biel"]
[Round "9.11"]
[Annotator "TA"]
[Result "1/2-1/2"]
[Date "2024.07.24"]
[WhiteElo "2400"]
[BlackElo "2569"]
[PlyCount "82"]

1. d4 Nf6 2. c4 e6 3. Nf3 d5 4. Nc3 c6 5. Qc2 dxc4 6. e4 b5 7. Be2 Be7 8. O-O Bb7 9. Rb1 Nbd7 10. b3 cxb3 11. Rxb3 b4 12. e5 Nd5 13. Ne4 c5 14. dxc5 Rc8 15. Bb5 a6 16. Ba4 N5b6 17. Rxb4 Nxa4 18. Qxa4 Bxe4 19. Rxe4 O-O 20. Be3 Nxc5 21. Bxc5 Rxc5 22. Qxa6 Ra5 23. Qe2 Qa8 24. a4 Rxa4 25. Rxa4 Qxa4 26. Rd1 Rc8 27. g3 h6 28. h4 Rc3 29. Kg2 Qc6 30. Rd3 Rc2 31. Rd2 Rc4 32. Kh2 Rc1 33. Rd1 Rc2 34. Rd2 Rc1 35. Kg2 g6 36. Rd4 Rc2 37. Rd2 Rc4 38. Kh2 Kg7 39. Nd4 Qc5 40. Rc2 Rxc2 41. Nxc2 h5 1/2-1/2

[Event "57th Biel Festival MTO 2024"]
[White "Rosen,Eric"]
[Black "Koustav Chatterjee"]
[Site "Biel"]
[Round "9.12"]
[Annotator "TA"]
[Result "1/2-1/2"]
[Date "2024.07.24"]
[WhiteElo "2361"]
[BlackElo "2525"]
[PlyCount "73"]

1. e4 e5 2. Nf3 Nc6 3. d4 exd4 4. Nxd4 Nf6 5. Nxc6 bxc6 6. Nd2 d5 7. exd5 cxd5 8. Bb5+ Bd7 9. Bxd7+ Qxd7 10. O-O Be7 11. b3 O-O 12. Bb2 Rfe8 13. Qf3 Rad8 14. Rad1 c5 15. Nc4 Qe6 16. Ne3 Ne4 17. Qf5 Qxf5 18. Nxf5 Bf6 19. Bxf6 Nxf6 20. Rfe1 Ne4 21. Kf1 Re6 22. Re3 g6 23. Ng3 Nxg3+ 24. Rxg3 d4 25. Rc3 Rd5 26. Rc4 Rde5 27. g3 g5 28. c3 dxc3 29. Rc1 Re2 30. Rxc5 h6 31. a4 Rd2 32. Re1 Rf6 33. Re2 Rf3 34. Rxd2 cxd2 35. Rd5 Rxb3 36. Rxd2 Rb4 37. Rd6 1/2-1/2

[Event "57th Biel Festival MTO 2024"]
[White "Nurman,Alua"]
[Black "Sokolovsky,Yahli"]
[Site "Biel"]
[Round "9.13"]
[Annotator "TA"]
[Result "1/2-1/2"]
[Date "2024.07.24"]
[WhiteElo "2274"]
[BlackElo "2492"]
[PlyCount "107"]

1. e4 e5 2. Nf3 Nc6 3. Bb5 a6 4. Ba4 Nf6 5. O-O Be7 6. Re1 b5 7. Bb3 d6 8. c3 O-O 9. h3 Nb8 10. d4 Nbd7 11. Nbd2 c5 12. Nf1 Re8 13. Ng3 Bf8 14. d5 Nb6 15. Bc2 a5 16. b3 a4 17. b4 cxb4 18. cxb4 Bd7 19. Bd3 Rc8 20. Qe2 Nc4 21. Nd2 Qb6 22. Rb1 Qa6 23. Nxc4 bxc4 24. Bc2 Be7 25. Bd2 Bd8 26. Bc3 Rf8 27. Rf1 Ne8 28. f4 f6 29. Qh5 Bb6+ 30. Kh1 Nc7 31. fxe5 dxe5 32. Nf5 Bxf5 33. Qxf5 Nb5 34. Qe6+ Kh8 35. Rf3 Rfe8 36. Qd7 Bd4 37. Be1 Rcd8 38. Qf7 Rf8 39. Qe7 Qc8 40. Rg3 g6 41. Qe6 Qxe6 42. dxe6 Ra8 43. Rf3 Kg7 44. Bd1 Rfc8 45. Be2 Ra6 46. Rc1 Rac6 47. e7 Kf7 48. Bd1 Ra6 49. Be2 Nd6 50. Bh4 Ne8 51. Rxc4 Rac6 52. Rxc6 Rxc6 53. Rf1 Kxe7 54. Bb5 1/2-1/2

[Event "57th Biel Festival MTO 2024"]
[White "Padmini,Rout"]
[Black "Bilguun,Sumiya"]
[Site "Biel"]
[Round "9.14"]
[Annotator "TA"]
[Result "0-1"]
[Date "2024.07.24"]
[WhiteElo "2348"]
[BlackElo "2466"]
[PlyCount "114"]

1. e4 c5 2. Nf3 d6 3. c3 Nf6 4. Be2 Nbd7 5. d3 b6 6. O-O Bb7 7. Nbd2 g6 8. Re1 Bg7 9. Bf1 e5 10. Nc4 Qc7 11. a4 O-O 12. Bd2 h6 13. g3 Rfe8 14. Bg2 d5 15. exd5 Bxd5 16. Nh4 Bxg2 17. Kxg2 Rad8 18. Qf3 Nh7 19. Kg1 Ndf8 20. Re3 Bf6 21. Qe2 Re6 22. Nf3 Rde8 23. Re1 Nd7 24. Qd1 Qc6 25. Bc1 Bg7 26. h4 Qc7 27. Nh2 h5 28. Nf3 Nhf6 29. Ng5 R6e7 30. Qf3 Ng4 31. R3e2 Ndf6 32. Ne4 Re6 33. Ng5 R6e7 34. Ne4 Rd7 35. Ng5 Nh7 36. Nxh7 Kxh7 37. Rd2 Qd8 38. Rdd1 Re6 39. Bg5 Bf6 40. Bc1 Kg7 41. Re2 Be7 42. Red2 Kg8 43. Re1 Bf8 44. Red1 Bh6 45. Ne3 Bxe3 46. fxe3 e4 47. dxe4 Rxd2 48. Rxd2 Qe7 49. Qf4 Kh7 50. Qb8 Rxe4 51. Rd1 Rxe3 52. Rf1 Re1 53. Qf4 Kg8 54. Bd2 Re2 55. Bc1 Rc2 56. Qf3 c4 57. Qd1 Rxc1 0-1

[Event "57th Biel Festival MTO 2024"]
[White "Smeets,Kobe"]
[Black "Ansat,Aldiyar"]
[Site "Biel"]
[Round "9.15"]
[Annotator "TA"]
[Result "0-1"]
[Date "2024.07.24"]
[WhiteElo "2324"]
[BlackElo "2437"]
[PlyCount "78"]

1. e4 c5 2. Nf3 d6 3. d4 cxd4 4. Nxd4 Nf6 5. Nc3 Bd7 6. Bg5 e6 7. Qd2 h6 8. Bh4 Nxe4 9. Bxd8 Nxd2 10. Kxd2 Kxd8 11. Bd3 Nc6 12. Nxc6+ Bxc6 13. f3 g5 14. b4 d5 15. Rab1 Bg7 16. Ne2 a5 17. b5 Bd7 18. a4 Ke7 19. c3 Rac8 20. Rbc1 h5 21. Rhe1 Kd6 22. c4 h4 23. cxd5 exd5 24. Rxc8 Rxc8 25. Rc1 Rxc1 26. Kxc1 Kc5 27. Kd2 Be5 28. g3 Kb4 29. Bc2 f6 30. f4 Bd6 31. Nc3 Kc4 32. Bd3+ Kc5 33. Ne2 Bg4 34. Ke3 gxf4+ 35. gxf4 Kb4 36. Bc2 h3 37. Kd2 d4 38. Be4 b6 39. Nxd4 Bxf4+ 0-1

[Event "57th Biel Festival MTO 2024"]
[White "Narayanan,Samrug"]
[Black "Materia,Marco"]
[Site "Biel"]
[Round "9.16"]
[Annotator "TA"]
[Result "1/2-1/2"]
[Date "2024.07.24"]
[WhiteElo "2335"]
[BlackElo "2453"]
[PlyCount "101"]

1. e4 c5 2. Nf3 e6 3. d4 cxd4 4. Nxd4 Nc6 5. Nc3 Qc7 6. Be3 a6 7. a3 b5 8. Nxc6 Qxc6 9. Bd3 Bb7 10. Qd2 Nf6 11. e5 Ng4 12. Be4 Qc7 13. Bxb7 Qxb7 14. Bf4 f6 15. exf6 Nxf6 16. O-O Rc8 17. Rfd1 Be7 18. Bd6 Bxd6 19. Qxd6 Rc6 20. Qg3 O-O 21. Rd4 Rc5 22. Rad1 h6 23. h4 Rf5 24. f3 Qa7 25. Kh2 d5 26. Qd6 Re8 27. Ne2 e5 28. Ng3 Rxf3 29. gxf3 exd4 30. Rd2 d3 31. cxd3 Qd4 32. Nf5 Qe5+ 33. Qxe5 Rxe5 34. Nd4 Re1 35. Nb3 Nd7 36. Kg3 Kh7 37. Rc2 Ne5 38. Nc5 a5 39. Nb3 Re3 40. Kf4 Rxd3 41. Kxe5 Rxb3 42. f4 d4 43. f5 Re3+ 44. Kxd4 Rh3 45. Ke5 Rxh4 46. Rc5 a4 47. Rxb5 h5 48. Rb4 Rh2 49. Kf4 Rg2 50. Kf3 Rc2 51. Ke4 1/2-1/2

[Event "57th Biel Festival MTO 2024"]
[White "Razafindratsima,Timothe"]
[Black "Petkidis,Anthony"]
[Site "Biel"]
[Round "9.17"]
[Annotator "TA"]
[Result "1-0"]
[Date "2024.07.24"]
[WhiteElo "2445"]
[BlackElo "2427"]
[PlyCount "89"]

1. c4 Nf6 2. Nc3 e5 3. g3 Bb4 4. Bg2 O-O 5. e4 Bxc3 6. bxc3 Re8 7. Ne2 c6 8. O-O d5 9. cxd5 cxd5 10. exd5 Nxd5 11. d4 exd4 12. Qxd4 Nc6 13. Qd2 Be6 14. Nf4 Nxf4 15. Qxf4 Qd3 16. Be3 Rac8 17. h4 Qf5 18. Qxf5 Bxf5 19. c4 Be4 20. Rfd1 b6 21. c5 Bxg2 22. Kxg2 b5 23. Rd7 Re7 24. Rxe7 Nxe7 25. Rd1 Nf5 26. Bf4 h5 27. Rd5 g6 28. Be5 Kh7 29. Bf6 Rc6 30. Bb2 a5 31. Rd8 g5 32. Rh8+ Kg6 33. Rg8+ Kh6 34. Rh8+ Kg6 35. Rg8+ Kh6 36. Rxg5 Rxc5 37. Bg7+ Kh7 38. Bd4 Rd5 39. Rxh5+ Kg6 40. Rg5+ Kh7 41. Bf6 b4 42. Kf3 Rb5 43. Kf4 Nd6 44. Rg7+ Kh6 45. g4 1-0

[Event "57th Biel Festival MTO 2024"]
[White "Saraci,Nderim"]
[Black "Chinguun,Sumiya"]
[Site "Biel"]
[Round "9.18"]
[Annotator "TA"]
[Result "1-0"]
[Date "2024.07.24"]
[WhiteElo "2449"]
[BlackElo "2348"]
[PlyCount "143"]

1. d4 Nf6 2. c4 e6 3. Nc3 Bb4 4. e3 b6 5. Nge2 c5 6. a3 Ba5 7. Bd2 O-O 8. Ng3 Bb7 9. Bd3 cxd4 10. exd4 Bxc3 11. bxc3 h6 12. O-O Nc6 13. Re1 Na5 14. c5 Bd5 15. Bf4 bxc5 16. dxc5 Ne8 17. Be4 Nf6 18. Bd3 Nb7 19. c4 Bc6 20. Be3 Ne8 21. Be4 Qc7 22. Rb1 f5 23. Bxc6 Qxc6 24. Ne2 Nf6 25. Nd4 Qc8 26. c6 dxc6 27. Nxe6 Qxe6 28. Rxb7 Qxc4 29. h3 Rf7 30. Rxf7 Qxf7 31. Qc2 Nd5 32. Qxc6 Re8 33. Bd2 Rxe1+ 34. Bxe1 Kh7 35. Bd2 Nb6 36. Be3 Qb3 37. Qc5 Qb1+ 38. Kh2 Qe4 39. Qa5 Nc4 40. Qxa7 f4 41. Bd4 Qg6 42. Bc3 Nd6 43. Qd4 Nb5 44. Qc5 f3 45. gxf3 Nxc3 46. Qxc3 Qd6+ 47. Kh1 Qa6 48. Qc2+ Kh8 49. a4 Qa5 50. Qe4 Qd2 51. Kg2 Qg5+ 52. Qg4 Qa5 53. Qf4 Qa6 54. Qf8+ Kh7 55. Qf5+ Kh8 56. a5 Kg8 57. Qd5+ Kh7 58. Qe5 Qg6+ 59. Kh2 Qa6 60. Qe4+ Kh8 61. Qe8+ Kh7 62. Qe5 Qa7 63. Kg1 Qa6 64. h4 Qg6+ 65. Kh2 Qa6 66. Qf5+ Kh8 67. Kg2 Kg8 68. h5 Kh8 69. Qe5 Qc6 70. Qb8+ Kh7 71. Qb6 Qd5 72. Qg6+ 1-0

[Event "57th Biel Festival MTO 2024"]
[White "Sethuraman,S.P."]
[Black "Jain Kashish Manoj"]
[Site "Biel"]
[Round "9.19"]
[Annotator "TA"]
[Result "1-0"]
[Date "2024.07.24"]
[WhiteElo "2587"]
[BlackElo "2308"]
[PlyCount "95"]

1. d4 d5 2. Nf3 Nf6 3. c4 c6 4. Nc3 e6 5. Bg5 Nbd7 6. e3 Qa5 7. cxd5 Nxd5 8. Rc1 Nxc3 9. bxc3 Ba3 10. Rc2 b6 11. Be2 Ba6 12. O-O Bxe2 13. Qxe2 O-O 14. Bf4 Rfe8 15. Rd1 Bf8 16. e4 c5 17. e5 h6 18. Be3 b5 19. Nd2 cxd4 20. cxd4 Rac8 21. Ne4 Rxc2 22. Qxc2 Qa4 23. Qxa4 bxa4 24. Rc1 Rb8 25. Nc5 Bxc5 26. dxc5 Nxe5 27. c6 Rc8 28. c7 Kf8 29. Bxa7 Nd7 30. Bd4 Nf6 31. Bxf6 gxf6 32. g4 Ke7 33. Kg2 Kd7 34. Kh3 Rxc7 35. Rxc7+ Kxc7 36. Kh4 Kd6 37. Kh5 Kc5 38. Kxh6 Kb4 39. h4 Ka3 40. h5 Kxa2 41. Kg7 a3 42. h6 Kb3 43. h7 a2 44. h8=Q a1=Q 45. Qb8+ Kc2 46. Kxf7 Qd4 47. Qc8+ Kd3 48. Qxe6 1-0

[Event "57th Biel Festival MTO 2024"]
[White "Kobo,Ori"]
[Black "Cervantes Landeiro,Thalia"]
[Site "Biel"]
[Round "9.20"]
[Annotator "RC"]
[Result "1-0"]
[Date "2024.07.24"]
[WhiteElo "2529"]
[BlackElo "2271"]
[PlyCount "261"]

1. e4 c5 2. Nf3 d6 3. d4 cxd4 4. Qxd4 Nc6 5. Bb5 Bd7 6. Qd3 Nf6 7. c4 a6 8. Bxc6 Bxc6 9. Nc3 g6 10. O-O Bg7 11. h3 O-O 12. Nd4 Rc8 13. Be3 Nd7 14. Qd2 Nc5 15. f3 Bd7 16. Rab1 Ne6 17. b3 Qa5 18. Nde2 b5 19. Nd5 Qd8 20. cxb5 Bxb5 21. Rfc1 Re8 22. a4 Bxe2 23. Qxe2 a5 24. Bb6 Bd4+ 25. Bxd4 Nxd4 26. Qe3 Ne6 27. Rxc8 Qxc8 28. Rc1 Qb7 29. h4 Nc5 30. Rc3 h5 31. Qg5 Kh7 32. Kh2 Ne6 33. Qe3 Rb8 34. f4 Nc5 35. f5 Rg8 36. Qf4 Qd7 37. Rg3 Qd8 38. Rg5 Nd3 39. Qf1 Ne5 40. Kh1 Rg7 41. f6 exf6 42. Nxf6+ Kh8 43. Qf4 Rh7 44. Nxh7 Kxh7 45. Rxe5 dxe5 46. Qxf7+ Kh6 47. Qf2 Qd1+ 48. Kh2 Qg4 49. Qe3+ Kh7 50. Qe1 Qf4+ 51. Kg1 Kg7 52. b4 axb4 53. Qxb4 Qe3+ 54. Kh2 Qf4+ 55. Kg1 Qe3+ 56. Kf1 Qc1+ 57. Ke2 Qc2+ 58. Kf3 Qd1+ 59. Kf2 Qd8 60. g3 Qc7 61. Kf3 Qf7+ 62. Ke3 Qf1 63. Qe7+ Kh6 64. Qxe5 Qc1+ 65. Kd4 Qb2+ 66. Kd5 Qb7+ 67. Kc5 Qa7+ 68. Kb4 Qb6+ 69. Kc4 Qc6+ 70. Kd3 Qa6+ 71. Kd2 Kh7 72. a5 Qc4 73. Qd5 Qb4+ 74. Kc2 Qa4+ 75. Kd2 Qb4+ 76. Ke2 Qb2+ 77. Qd2 Qb5+ 78. Kf2 Qc5+ 79. Kf3 Qc4 80. Qd7+ Kh6 81. Qd5 Qf1+ 82. Ke3 Qe1+ 83. Kd4 Qa1+ 84. Kc4 Qa4+ 85. Kc3 Qa3+ 86. Kc2 Qa4+ 87. Kd2 Qb4+ 88. Ke2 Qa4 89. e5 Qg4+ 90. Kf2 Qf5+ 91. Ke3 Qb1 92. Qd2 Kh7 93. Qd7+ Kh6 94. Qd2 Kh7 95. Qc3 Qg1+ 96. Ke4 Qg2+ 97. Kd4 Qf2+ 98. Kd5 Qf5 99. Qc7+ Kh6 100. Qc1+ Kh7 101. Qc7+ Kh6 102. Qc4 Qd7+ 103. Kc5 Qe7+ 104. Kd4 Qa7+ 105. Qc5 Qd7+ 106. Ke3 Qf7 107. Qc1 Kh7 108. Qc3 Qe6 109. Qc7+ Kh6 110. Qb8 Kh7 111. Qa7+ Kh6 112. Qb8 Kh7 113. Qd6 Qb3+ 114. Kf4 Qf7+ 115. Ke3 Qb3+ 116. Qd3 Qe6 117. Kd4 Qd7+ 118. Kc3 Qc7+ 119. Kb4 Qxe5 120. a6 Qb2+ 121. Ka5 Qe5+ 122. Kb6 Qb8+ 123. Ka5 Qe5+ 124. Ka4 Qa1+ 125. Kb5 Qb2+ 126. Kc6 Qf6+ 127. Qd6 Qf3+ 128. Kc7 Qc3+ 129. Kd7 Qa5 130. Qe7+ Kh6 131. Qg5+ 1-0

[Event "57th Biel Festival MTO 2024"]
[White "Munkhzul,Turmunkh"]
[Black "Macovei,Andrei"]
[Site "Biel"]
[Round "9.21"]
[Annotator "RC"]
[Result "1/2-1/2"]
[Date "2024.07.24"]
[WhiteElo "2232"]
[BlackElo "2479"]
[PlyCount "166"]

1. e4 c5 2. Nf3 d6 3. d4 cxd4 4. Nxd4 Nf6 5. Nc3 a6 6. Be3 e5 7. Nb3 Be6 8. f3 h5 9. Qd2 Nbd7 10. Nd5 Bxd5 11. exd5 g6 12. O-O-O Nb6 13. Kb1 Nbxd5 14. Bg5 Be7 15. Bd3 Qc7 16. Rhe1 Nb6 17. f4 O-O-O 18. f5 gxf5 19. Bxf5+ Kb8 20. Qe2 Ng4 21. Bc1 Nxh2 22. Rd3 d5 23. Qxe5 Qxe5 24. Rxe5 Bd6 25. Re1 Ng4 26. a4 Rhe8 27. Rxe8 Rxe8 28. a5 Nc4 29. Rxd5 Nge3 30. Bxe3 Nxe3 31. Rxd6 Nxf5 32. Rf6 Re1+ 33. Ka2 Re5 34. Rxf7 Ne3 35. Rg7 Nxc2 36. g4 Nb4+ 37. Ka3 Nc6 38. gxh5 Rxh5 39. Rg4 Nxa5 40. Nxa5 Rxa5+ 41. Kb3 Rb5+ 42. Kc3 a5 43. Rg6 Ka7 44. Rh6 Rb4 45. Rg6 b6 46. Rg5 Ka6 47. Rh5 Rb5 48. Rh4 Rc5+ 49. Kb3 Kb5 50. Ka3 Rg5 51. Rf4 Rg3+ 52. Ka2 a4 53. Rf5+ Kb4 54. Rf4+ Ka5 55. Rh4 b5 56. Rh5 Rg4 57. Ka3 Rb4 58. Rg5 Rb3+ 59. Ka2 Rd3 60. Rh5 Re3 61. Rg5 Kb4 62. Rg4+ Kc5 63. Rg5+ Kb6 64. Rg6+ Ka5 65. Rg5 Rh3 66. Rf5 Rh4 67. Ka3 Rh3+ 68. Ka2 Rd3 69. Rh5 Kb4 70. Rh4+ Kc5 71. Rh5+ Kc4 72. Rh4+ Rd4 73. Rxd4+ Kxd4 74. b3 axb3+ 75. Kxb3 Kc5 76. Kc3 b4+ 77. Kb3 Kb5 78. Kb2 Kc4 79. Kc2 b3+ 80. Kb2 Kb4 81. Kb1 Kc3 82. Kc1 b2+ 83. Kb1 Kb3 1/2-1/2